[Event "Netanya Open 2019"]
[Site "Netanya"]
[Date "2019.06.27"]
[Round "5.10"]
[White "Sivuk, Vitaly"]
[Black "Erenberg, Ariel"]
[Result "1/2-1/2"]
[WhiteElo "2547"]
[BlackElo "2434"]
[Annotator "ChessBase"]
[PlyCount "102"]
[EventDate "2019.06.23"]
[EventType "swiss"]
[EventCountry "ISR"]
[SourceTitle "playchess.com"]
[Source "ChessBase"]
[SourceQuality "1"]
[TimeControl "40/5400+30:1800+30"]

1. Nf3 {[%emt 0:00:00]} Nf6 {[%emt 0:00:00]} 2. g3 {[%emt 0:00:00]} e6 {[%emt 0:01:04]} 3. Bg2 {[%emt 0:00:00]} d5 {[%emt 0:00:30]} 4. O-O {[%emt 0:00:11]} b5 {[%emt 0:04:35]} 5. d3 {[%emt 0:02:01]} Bb7 {[%emt 0:05:20]} 6. c4 {[%emt 0:00:13]} bxc4 {[%emt 0:02:39]} 7. dxc4 {[%emt 0:00:12]} Nbd7 {[%emt 0:01:52]} 8. cxd5 {[%emt 0:00:33]} Nxd5 {[%emt 0:03:38]} 9. Bg5 {[%emt 0:05:30]} Be7 {[%emt 0:04:13]} 10. Bxe7 {[%emt 0:00:17]} Qxe7 {[%emt 0:00:05]} 11. Nbd2 {[%emt 0:02:53]} O-O {[%emt 0:00:31]} 12. Rc1 {[%emt 0:00:39]} c5 {[%emt 0:01:23]} 13. a3 {[%emt 0:08:26]} Rfc8 {[%emt 0:07:31]} 14. Nc4 {[%emt 0:06:47]} Ba6 {[%emt 0:07:17]} 15. Nfd2 {[%emt 0:08:02]} N7b6 {[%emt 0:09:03]} 16. b3 {[%emt 0:02:35]} Rab8 {[%emt 0:03:06]} 17. Qc2 {[%emt 0:02:03]} Nxc4 {[%emt 0:05:34]} 18. Nxc4 {[%emt 0:01:55]} Bxc4 {[%emt 0:02:14]} 19. Qxc4 {[%emt 0:02:37]} Nb6 {[%emt 0:00:09]} 20. Qa6 {[%emt 0:01:03]} g6 {[%emt 0:02:00]} 21. Rc2 {[%emt 0:06:18]} Rc7 {[%emt 0:01:42]} 22. Rfc1 {[%emt 0:00:20]} Rbc8 {[%emt 0:01:47]} 23. e3 {[%emt 0:04:57]} h5 {[%emt 0:10:28]} 24. h4 {[%emt 0:00:11]} Qd6 {[%emt 0:00:38]} 25. Bf1 {[%emt 0:02:36]} Qd5 {[%emt 0:02:08]} 26. Rc3 {[%emt 0:00:35]} Kg7 {[%emt 0:03:30]} 27. Qb5 {[%emt 0:12:14]} Qd6 {[%emt 0:03:47]} 28. Qa6 {[%emt 0:03:51]} Kg8 {[%emt 0:03:55]} 29. R3c2 {[%emt 0:03:42]} Qd5 {[%emt 0:03:15]} 30. Bc4 {[%emt 0:01:35]} Qd6 {[%emt 0:03:24]} 31. Be2 {[%emt 0:02:51]} Qd5 {[%emt 0:00:12]} 32. Qb5 {[%emt 0:01:58]} Qd6 {[%emt 0:02:03]} 33. Rd1 {[%emt 0:02:18]} Qe7 {[%emt 0:00:53]} 34. Qa6 {[%emt 0:01:31]} Rc6 {[%emt 0:01:21]} 35. Rdc1 {[%emt 0:00:50]} Nd5 {[%emt 0:02:06]} 36. Qa5 {[%emt 0:01:26]} Qd6 {[%emt 0:01:15]} 37. Kg2 {[%emt 0:02:41]} R6c7 {[%emt 0:01:12]} 38. Qa6 {[%emt 0:05:42]} Qb6 {[%emt 0:01:19]} 39. b4 {[%emt 0:01:53]} c4 {[%emt 0:00:06]} 40. Qxb6 {[%emt 0:03:49]} Nxb6 {[%emt 0:00:18]} 41. Kf3 {[%emt 0:03:49]} Kf8 {[%emt 0:06:31]} 42. e4 {[%emt 0:01:09]} e5 {[%emt 0:04:51]} 43. Ke3 {[%emt 0:00:10]} Ke7 {[%emt 0:00:21]} 44. f4 {[%emt 0:03:28]} f6 {[%emt 0:02:51]} 45. Rc3 {[%emt 0:01:38]} Kf8 {[%emt 0:09:10]} 46. fxe5 {[%emt 0:08:44]} fxe5 {[%emt 0:00:06]} 47. Bd1 {[%emt 0:00:22]} Rd8 {[%emt 0:04:18]} 48. a4 {[%emt 0:02:33]} Rd4 {[%emt 0:00:40]} 49. Bb3 {[%emt 0:05:50]} Rcd7 {[%emt 0:02:12]} 50. Bxc4 {[%emt 0:02:32]} Nxa4 {[%emt 0:00:07]} 51. R3c2 {[%emt 0:01:30]} Nb6 {[%emt 0:00:39]} 1/2-1/2

[Event "Netanya Open 2019"]
[Site "Netanya"]
[Date "2019.06.27"]
[Round "5.11"]
[White "Shubin, Kirill"]
[Black "Rozentalis, Eduardas"]
[Result "1/2-1/2"]
[WhiteElo "2426"]
[BlackElo "2540"]
[Annotator "ChessBase"]
[PlyCount "127"]
[EventDate "2019.06.23"]
[EventType "swiss"]
[EventCountry "ISR"]
[SourceTitle "playchess.com"]
[Source "ChessBase"]
[SourceQuality "1"]
[TimeControl "40/5400+30:1800+30"]

1. e4 {[%emt 0:00:00]} c6 {[%emt 0:00:00]} 2. d4 {[%emt 0:00:00]} d5 {[%emt 0:00:00]} 3. exd5 {[%emt 0:00:00]} cxd5 {[%emt 0:00:00]} 4. Bd3 {[%emt 0:00:00]} Nc6 {[%emt 0:00:42]} 5. c3 {[%emt 0:00:00]} Nf6 {[%emt 0:00:16]} 6. Bf4 {[%emt 0:00:06]} Bg4 {[%emt 0:00:28]} 7. Qb3 {[%emt 0:00:05]} Qd7 {[%emt 0:00:29]} 8. Nd2 {[%emt 0:00:06]} e6 {[%emt 0:00:08]} 9. Ngf3 {[%emt 0:00:04]} Bd6 {[%emt 0:00:07]} 10. Bxd6 {[%emt 0:03:36]} Qxd6 {[%emt 0:00:08]} 11. O-O {[%emt 0:00:14]} O-O {[%emt 0:00:22]} 12. Rfe1 {[%emt 0:00:13]} Bxf3 {[%emt 0:01:50]} 13. Nxf3 {[%emt 0:00:11]} Rab8 {[%emt 0:00:17]} 14. a4 {[%emt 0:04:04]} Qc7 {[%emt 0:03:27]} 15. Qc2 {[%emt 0:04:06]} Rfc8 {[%emt 0:01:19]} 16. Qe2 {[%emt 0:00:06]} a6 {[%emt 0:01:04]} 17. h4 {[%emt 0:06:41]} Na5 {[%emt 0:05:45]} 18. Ne5 {[%emt 0:07:36]} Nc4 {[%emt 0:00:47]} 19. Bxc4 {[%emt 0:04:57]} dxc4 {[%emt 0:00:55]} 20. a5 {[%emt 0:00:52]} Nd7 {[%emt 0:00:26]} 21. Qf3 {[%emt 0:11:24]} Nxe5 {[%emt 0:01:43]} 22. Rxe5 {[%emt 0:00:03]} b6 {[%emt 0:03:01]} 23. Rae1 {[%emt 0:07:12]} bxa5 {[%emt 0:01:56]} 24. d5 {[%emt 0:01:15]} Rb5 {[%emt 0:16:12]} 25. R5e3 {[%emt 0:01:02]} Rxb2 {[%emt 0:06:52]} 26. dxe6 {[%emt 0:00:06]} fxe6 {[%emt 0:00:06]} 27. Rxe6 {[%emt 0:02:01]} Rf8 {[%emt 0:02:00]} 28. Re8 {[%emt 0:00:36]} Qf7 {[%emt 0:00:14]} 29. Rxf8+ {[%emt 0:01:05]} Qxf8 {[%emt 0:00:09]} 30. Qd5+ {[%emt 0:00:10]} Kh8 {[%emt 0:00:03]} 31. Qc5 {[%emt 0:00:11]} Rb8 {[%emt 0:04:46]} 32. Qxf8+ {[%emt 0:07:27]} Rxf8 {[%emt 0:00:39]} 33. Re5 {[%emt 0:01:06]} Rb8 {[%emt 0:06:15]} 34. Rxa5 {[%emt 0:00:15]} Rb1+ {[%emt 0:01:45]} 35. Kh2 {[%emt 0:00:03]} Rc1 {[%emt 0:00:08]} 36. Rc5 {[%emt 0:00:04]} h6 {[%emt 0:00:03]} 37. Rxc4 {[%emt 0:00:03]} a5 {[%emt 0:00:12]} 38. h5 {[%emt 0:00:40]} a4 {[%emt 0:00:11]} 39. Rxa4 {[%emt 0:00:02]} Rxc3 {[%emt 0:00:04]} 40. f3 {[%emt 0:00:14]} Kh7 {[%emt 0:00:39]} 41. Ra7 {[%emt 0:30:06]} Kg8 {[%emt 0:31:13]} 42. Kh3 {[%emt 0:00:13]} Rb3 {[%emt 0:00:37]} 43. Kg4 {[%emt 0:00:27]} Rb4+ {[%emt 0:00:42]} 44. f4 {[%emt 0:00:04]} Rb2 {[%emt 0:00:15]} 45. g3 {[%emt 0:00:10]} Rb3 {[%emt 0:00:03]} 46. Ra4 {[%emt 0:00:13]} Kf7 {[%emt 0:00:21]} 47. Kh4 {[%emt 0:00:05]} Rc3 {[%emt 0:01:06]} 48. g4 {[%emt 0:00:59]} Rb3 {[%emt 0:05:20]} 49. g5 {[%emt 0:00:36]} hxg5+ {[%emt 0:00:39]} 50. fxg5 {[%emt 0:00:04]} Rb8 {[%emt 0:01:05]} 51. g6+ {[%emt 0:01:44]} Kg8 {[%emt 0:00:24]} 52. Ra7 {[%emt 0:00:31]} Rc8 {[%emt 0:00:07]} 53. Kg5 {[%emt 0:00:07]} Rb8 {[%emt 0:00:23]} 54. Kf5 {[%emt 0:00:10]} Rc8 {[%emt 0:00:22]} 55. Ke6 {[%emt 0:00:09]} Rb8 {[%emt 0:00:57]} 56. Ke7 {[%emt 0:00:24]} Rc8 {[%emt 0:00:14]} 57. Rd7 {[%emt 0:00:06]} Ra8 {[%emt 0:00:08]} 58. Rd8+ {[%emt 0:00:07]} Rxd8 {[%emt 0:00:04]} 59. Kxd8 {[%emt 0:00:02]} Kh8 {[%emt 0:00:13]} 60. Ke8 {[%emt 0:00:04]} Kg8 {[%emt 0:00:05]} 61. Ke7 {[%emt 0:00:04]} Kh8 {[%emt 0:00:04]} 62. h6 {[%emt 0:00:04]} Kg8 {[%emt 0:00:03]} 63. h7+ {[%emt 0:00:05]} Kh8 {[%emt 0:00:30]} 64. Ke6 {[%emt 0:00:30]} 1/2-1/2

[Event "Netanya Open 2019"]
[Site "Netanya"]
[Date "2019.06.27"]
[Round "5.12"]
[White "Kogan, Arthur"]
[Black "Kantsler, Boris"]
[Result "1/2-1/2"]
[WhiteElo "2535"]
[BlackElo "2420"]
[Annotator "ChessBase"]
[PlyCount "53"]
[EventDate "2019.06.23"]
[EventType "swiss"]
[EventCountry "ISR"]
[SourceTitle "playchess.com"]
[Source "ChessBase"]
[SourceQuality "1"]
[TimeControl "40/5400+30:1800+30"]

1. e4 {[%emt 1:30:30]} g6 {[%emt 0:01:08]} 2. d4 {[%emt 0:00:00]} Bg7 {[%emt 0:00:02]} 3. Nc3 {[%emt 0:00:00]} d6 {[%emt 0:00:46]} 4. Bg5 {[%emt 0:00:00]} a6 {[%emt 0:00:35]} 5. Qd2 {[%emt 0:00:00]} b5 {[%emt 0:00:29]} 6. f3 {[%emt 0:00:00]} Nd7 {[%emt 0:03:02]} 7. Nge2 {[%emt 0:00:00]} c5 {[%emt 0:03:43]} 8. dxc5 {[%emt 0:00:00]} Nxc5 {[%emt 0:05:04]} 9. Nd4 {[%emt 0:00:00]} Bb7 {[%emt 0:01:31]} 10. O-O-O {[%emt 0:00:00]} Rc8 {[%emt 0:05:18]} 11. Kb1 {[%emt 0:00:00]} Qa5 {[%emt 0:10:40]} 12. h4 {[%emt 0:00:00]} h5 {[%emt 0:03:45]} 13. a3 {[%emt 0:00:00]} Nd7 {[%emt 0:06:51]} 14. Nb3 {[%emt 0:00:00]} Qc7 {[%emt 0:00:23]} 15. Nd5 {[%emt 0:00:00]} Bxd5 {[%emt 0:01:39]} 16. exd5 {[%emt 0:00:00]} Ngf6 {[%emt 0:00:06]} 17. c3 {[%emt 0:00:00]} Nb6 {[%emt 0:00:59]} 18. Bxf6 {[%emt 0:00:00]} Bxf6 {[%emt 0:03:24]} 19. f4 {[%emt 0:00:00]} Nc4 {[%emt 0:12:44]} 20. Bxc4 {[%emt 0:00:00]} Qxc4 {[%emt 0:05:55]} 21. Na5 {[%emt 0:00:00]} Qe4+ {[%emt 0:00:31]} 22. Ka2 {[%emt 0:00:00]} O-O {[%emt 0:00:19]} 23. g3 {[%emt 0:00:48]} Rc5 {[%emt 0:04:34]} 24. Rhe1 {[%emt 0:03:29]} Qf5 {[%emt 0:03:05]} 25. Qd3 {[%emt 0:00:41]} Qxd3 {[%emt 0:05:38]} 26. Rxd3 {[%emt 0:00:13]} Rfc8 {[%emt 0:00:27]} 27. Re4 {[%emt 0:03:03]} 1/2-1/2

[Event "Netanya Open 2019"]
[Site "Netanya"]
[Date "2019.06.27"]
[Round "5.13"]
[White "Baron, Tal"]
[Black "Birnboim, Nathan"]
[Result "1/2-1/2"]
[WhiteElo "2524"]
[BlackElo "2379"]
[Annotator "ChessBase"]
[PlyCount "70"]
[EventDate "2019.06.23"]
[EventType "swiss"]
[EventCountry "ISR"]
[SourceTitle "playchess.com"]
[Source "ChessBase"]
[SourceQuality "1"]
[TimeControl "40/5400+30:1800+30"]

1. d4 {[%emt 0:00:00]} Nf6 {[%emt 0:00:39]} 2. c4 {[%emt 0:00:00]} c5 {[%emt 0:01:24]} 3. d5 {[%emt 0:00:00]} b5 {[%emt 0:01:19]} 4. Nf3 {[%emt 0:00:00]} g6 {[%emt 0:01:10]} 5. cxb5 {[%emt 0:00:00]} Bg7 {[%emt 0:00:47]} 6. Nc3 {[%emt 0:00:08]} O-O {[%emt 0:01:01]} 7. e4 {[%emt 0:00:10]} d6 {[%emt 0:00:35]} 8. Be2 {[%emt 0:08:39]} a6 {[%emt 0:00:36]} 9. bxa6 {[%emt 0:00:12]} Bxa6 {[%emt 0:01:20]} 10. O-O {[%emt 0:00:05]} Nbd7 {[%emt 0:00:44]} 11. Re1 {[%emt 0:03:09]} Qc7 {[%emt 0:05:22]} 12. Bf4 {[%emt 0:21:18]} Ng4 {[%emt 0:05:46]} 13. Rc1 {[%emt 0:03:51]} Rfb8 {[%emt 0:03:00]} 14. b3 {[%emt 0:00:29]} Qa7 {[%emt 0:09:40]} 15. Nd2 {[%emt 0:01:49]} Nge5 {[%emt 0:00:54]} 16. a4 {[%emt 0:06:13]} Nd3 {[%emt 0:03:24]} 17. Bxd3 {[%emt 0:01:43]} Bxd3 {[%emt 0:00:05]} 18. Nf3 {[%emt 0:00:47]} Ba6 {[%emt 0:11:10]} 19. e5 {[%emt 0:00:06]} Rb4 {[%emt 0:05:41]} 20. Bg3 {[%emt 0:00:32]} Qb6 {[%emt 0:03:09]} 21. exd6 {[%emt 0:04:39]} exd6 {[%emt 0:00:21]} 22. Ne4 {[%emt 0:01:39]} Rxb3 {[%emt 0:00:25]} 23. Nxd6 {[%emt 0:02:18]} Rd3 {[%emt 0:00:30]} 24. Qe2 {[%emt 0:01:18]} Nf6 {[%emt 0:13:02]} 25. Rb1 {[%emt 0:04:40]} Rb3 {[%emt 0:03:05]} 26. Qc2 {[%emt 0:05:46]} c4 {[%emt 0:07:19]} 27. Nd2 {[%emt 0:02:54]} Rxb1 {[%emt 0:00:21]} 28. Rxb1 {[%emt 0:00:02]} Qc5 {[%emt 0:00:51]} 29. N2xc4 {[%emt 0:02:46]} Nxd5 {[%emt 0:01:42]} 30. h3 {[%emt 0:10:14]} Nc3 {[%emt 0:03:13]} 31. Rb3 {[%emt 0:00:27]} Qd4 {[%emt 0:04:14]} 32. Rb4 {[%emt 0:04:09]} Nd5 {[%emt 0:02:09]} 33. Rb1 {[%emt 0:01:55]} Nc3 {[%emt 0:00:16]} 34. Rb4 {[%emt 0:00:27]} Nd5 {[%emt 0:01:17]} 35. Rb1 {[%emt 0:01:43]} Nc3 {[%emt 0:00:09]} 1/2-1/2

[Event "Netanya Open 2019"]
[Site "Netanya"]
[Date "2019.06.27"]
[Round "5.14"]
[White "Bronstein, Or"]
[Black "Greenfeld, Alon"]
[Result "1-0"]
[WhiteElo "2378"]
[BlackElo "2513"]
[Annotator "ChessBase"]
[PlyCount "109"]
[EventDate "2019.06.23"]
[EventType "swiss"]
[EventCountry "ISR"]
[SourceTitle "playchess.com"]
[Source "ChessBase"]
[SourceQuality "1"]
[TimeControl "40/5400+30:1800+30"]

1. d4 {[%emt 0:00:00]} d5 {[%emt 0:01:01]} 2. c4 {[%emt 0:00:20]} dxc4 {[%emt 0:01:07]} 3. e4 {[%emt 0:00:37]} Nf6 {[%emt 0:02:54]} 4. e5 {[%emt 0:00:49]} Nd5 {[%emt 0:00:07]} 5. Bxc4 {[%emt 0:00:03]} Bf5 {[%emt 0:00:39]} 6. Qb3 {[%emt 0:11:54]} c6 {[%emt 0:01:52]} 7. Bxd5 {[%emt 0:03:10]} cxd5 {[%emt 0:03:10]} 8. Qxb7 {[%emt 0:00:41]} Qc8 {[%emt 0:00:09]} 9. Qxc8+ {[%emt 0:02:29]} Bxc8 {[%emt 0:00:31]} 10. Nc3 {[%emt 0:00:05]} e6 {[%emt 0:01:27]} 11. Nge2 {[%emt 0:03:43]} Ba6 {[%emt 0:03:38]} 12. Be3 {[%emt 0:15:32]} Nc6 {[%emt 0:01:55]} 13. Kd2 {[%emt 0:12:00]} Rb8 {[%emt 0:04:47]} 14. Rab1 {[%emt 0:01:23]} Kd7 {[%emt 0:08:46]} 15. Rhc1 {[%emt 0:05:54]} Na5 {[%emt 0:02:47]} 16. Na4 {[%emt 0:02:22]} Bb4+ {[%emt 0:15:00]} 17. Kd1 {[%emt 0:05:34]} Bd3 {[%emt 0:17:25]} 18. Ra1 {[%emt 0:00:08]} Nc4 {[%emt 0:00:39]} 19. Nf4 {[%emt 0:07:48]} Bf1 {[%emt 0:08:20]} 20. a3 {[%emt 0:04:07]} Be7 {[%emt 0:02:14]} 21. Ke1 {[%emt 0:00:50]} Nxe3 {[%emt 0:01:59]} 22. fxe3 {[%emt 0:00:02]} Bc4 {[%emt 0:00:49]} 23. Kd2 {[%emt 0:04:53]} Rb3 {[%emt 0:03:29]} 24. Rc3 {[%emt 0:00:16]} Rxc3 {[%emt 0:00:31]} 25. Kxc3 {[%emt 0:01:14]} Bb5 {[%emt 0:06:21]} 26. Nc5+ {[%emt 0:00:37]} Bxc5 {[%emt 0:00:16]} 27. dxc5 {[%emt 0:00:02]} a5 {[%emt 0:00:48]} 28. b4 {[%emt 0:04:01]} Ra8 {[%emt 0:00:54]} 29. Rb1 {[%emt 0:09:25]} axb4+ {[%emt 0:00:24]} 30. axb4 {[%emt 0:00:09]} g5 {[%emt 0:00:27]} 31. Nh3 {[%emt 0:01:01]} h6 {[%emt 0:04:19]} 32. Nf2 {[%emt 0:00:56]} Kc6 {[%emt 0:00:54]} 33. Nd1 {[%emt 0:01:03]} Ra3+ {[%emt 0:01:57]} 34. Kb2 {[%emt 0:00:39]} Ra4 {[%emt 0:01:46]} 35. Kb3 {[%emt 0:00:13]} Ra7 {[%emt 0:01:14]} 36. Nc3 {[%emt 0:00:07]} Bd3 {[%emt 0:00:55]} 37. Rd1 {[%emt 0:02:24]} Bc4+ {[%emt 0:00:21]} 38. Kc2 {[%emt 0:00:06]} Ra3 {[%emt 0:01:27]} 39. Rb1 {[%emt 0:00:04]} h5 {[%emt 0:00:20]} 40. Kb2 {[%emt 0:01:01]} Rb3+ {[%emt 0:00:20]} 41. Kc2 {[%emt 0:30:01]} Ra3 {[%emt 0:30:06]} 42. g3 {[%emt 0:00:00]} g4 {[%emt 0:00:00]} 43. Kd2 {[%emt 0:00:00]} Ra8 {[%emt 0:00:00]} 44. Rb2 {[%emt 0:00:00]} Ra1 {[%emt 0:00:00]} 45. Nb1 {[%emt 0:00:00]} Ra8 {[%emt 0:01:27]} 46. Kc3 {[%emt 0:00:00]} Ba2 {[%emt 0:02:03]} 47. Kd4 {[%emt 0:00:00]} Bxb1 {[%emt 0:00:19]} 48. b5+ {[%emt 0:00:00]} Kb7 {[%emt 0:00:06]} 49. Rxb1 {[%emt 0:00:00]} Ra4+ {[%emt 0:00:04]} 50. Kd3 {[%emt 0:00:00]} Ra3+ {[%emt 0:00:15]} 51. Kd2 {[%emt 0:00:34]} Ra2+ {[%emt 0:00:30]} 52. Kc3 {[%emt 0:01:20]} Ra4 {[%emt 0:00:10]} 53. Rb4 {[%emt 0:01:14]} Ra3+ {[%emt 0:00:14]} 54. Kb2 {[%emt 0:00:59]} Rxe3 {[%emt 0:00:25]} 55. b6 {[%emt 0:00:06]} 1-0

[Event "Netanya Open 2019"]
[Site "Netanya"]
[Date "2019.06.27"]
[Round "5.15"]
[White "Goikhman, Valentin"]
[Black "Rechlis, Gad"]
[Result "0-1"]
[WhiteElo "2320"]
[BlackElo "2506"]
[Annotator "ChessBase"]
[PlyCount "64"]
[EventDate "2019.06.23"]
[EventType "swiss"]
[EventCountry "ISR"]
[SourceTitle "playchess.com"]
[Source "ChessBase"]
[SourceQuality "1"]
[TimeControl "40/5400+30:1800+30"]

1. e4 {[%emt 0:00:00]} c5 {[%emt 0:24:58]} 2. Nf3 {[%emt 0:00:06]} e6 {[%emt 0:00:17]} 3. d4 {[%emt 0:00:28]} cxd4 {[%emt 0:00:04]} 4. Nxd4 {[%emt 0:00:10]} Nc6 {[%emt 0:00:05]} 5. Nc3 {[%emt 0:03:06]} Qc7 {[%emt 0:00:16]} 6. Be3 {[%emt 0:04:53]} a6 {[%emt 0:02:33]} 7. Bd3 {[%emt 0:04:33]} Nf6 {[%emt 0:03:36]} 8. O-O {[%emt 0:01:18]} b5 {[%emt 0:02:11]} 9. Re1 {[%emt 0:09:19]} Bb7 {[%emt 0:14:42]} 10. Nxc6 {[%emt 0:12:54]} Qxc6 {[%emt 0:11:20]} 11. a3 {[%emt 0:03:43]} Be7 {[%emt 0:04:25]} 12. Qf3 {[%emt 0:03:00]} O-O {[%emt 0:01:36]} 13. Qh3 {[%emt 0:04:09]} d6 {[%emt 0:07:31]} 14. Rad1 {[%emt 0:09:28]} Rfd8 {[%emt 0:02:06]} 15. f4 {[%emt 0:19:06]} h5 {[%emt 0:02:27]} 16. Kh1 {[%emt 0:03:52]} Qc7 {[%emt 0:08:32]} 17. Bg1 {[%emt 0:06:41]} e5 {[%emt 0:02:55]} 18. Qg3 {[%emt 0:05:30]} d5 {[%emt 0:02:00]} 19. fxe5 {[%emt 0:02:56]} Nxe4 {[%emt 0:00:03]} 20. Qf3 {[%emt 0:02:39]} Qxe5 {[%emt 0:01:16]} 21. Nxd5 {[%emt 0:00:20]} Bxd5 {[%emt 0:02:16]} 22. Bxe4 {[%emt 0:00:12]} Bxe4 {[%emt 0:00:29]} 23. Rxe4 {[%emt 0:00:21]} Qf6 {[%emt 0:00:21]} 24. Qxh5 {[%emt 0:01:23]} Qg5 {[%emt 0:02:22]} 25. Qxg5 {[%emt 0:01:33]} Bxg5 {[%emt 0:00:02]} 26. Ree1 {[%emt 0:00:47]} Rxd1 {[%emt 0:00:43]} 27. Rxd1 {[%emt 0:00:02]} Re8 {[%emt 0:00:05]} 28. Rd5 {[%emt 0:00:57]} Bc1 {[%emt 0:00:29]} 29. b3 {[%emt 0:00:29]} Re1 {[%emt 0:00:13]} 30. Rd3 {[%emt 0:00:33]} Bxa3 {[%emt 0:00:09]} 31. g4 {[%emt 0:00:30]} Bc5 {[%emt 0:00:15]} 32. Rg3 {[%emt 0:00:04]} a5 {[%emt 0:00:13]} 0-1

[Event "Netanya Open 2019"]
[Site "Netanya"]
[Date "2019.06.27"]
[Round "5.16"]
[White "Moiseenko, Alexander"]
[Black "Parligras, Cosmin"]
[Result "1-0"]
[WhiteElo "2642"]
[BlackElo "2198"]
[Annotator "TA"]
[PlyCount "43"]
[EventDate "2019.06.23"]
[EventType "swiss"]
[EventCountry "ISR"]
[SourceTitle "playchess.com"]
[Source "ChessBase"]
[SourceQuality "1"]

{[%evp 9,43,17,22,22,28,19,43,41,46,34,42,42,42,42,42,33,49,49,81,43,95,92,185,189,179,188,225,213,241,222,600,608,609,597,544,522]} 1. d4 Nf6 2. Bg5 d5 3. e3 Ne4 4. Bf4 e6 5. Bd3 Bd6 6. Ne2 {A45: Trompowsky Attack} (6. Bxe4 Bxf4 7. exf4 dxe4 8. Nc3 Nc6 9. Nge2 f5 10. Qd2 O-O 11. O-O-O a5 12. h3 a4 13. a3 b5 {½-½ (58) Vitiugov,N (2726)-Grandelius,N (2643) Doha 2016}) 6... Nf6 7. c4 a6 $146 ({Predecessor:} 7... dxc4 8. Bxc4 Nc6 9. Bb5 Bd7 10. Nbc3 a6 11. Ba4 b5 12. Bc2 Bxf4 13. Nxf4 e5 14. dxe5 Nxe5 {1-0 (54) Gallagher,J (2535)-Vogt,L (2483) Lenk 2005}) 8. cxd5 {White is slightly better.} exd5 9. Nbc3 Bxf4 10. Nxf4 Nc6 11. Qf3 {[%cal Rf4d5]} Ne7 12. h3 c6 13. g4 Ng6 14. O-O-O Qc7 ({Black should play} 14... O-O $14) 15. g5 $16 Ng8 (15... Nxf4 $16 16. exf4 (16. Qxf4 Qxf4 17. exf4 Nh5 $11) 16... Nd7) 16. Nh5 $18 Kf8 {[#]} 17. h4 $1 N8e7 18. Ng3 h5 19. Nxh5 Be6 $2 {[#]} (19... Qd6 20. Na4 Rb8) 20. Nxg7 $1 {[%mdl 512] White is clearly winning.} Kxg7 21. h5 Nf4 22. h6+ {Accuracy: White = 85%, Black = 38%.} 1-0

[Event "Netanya Open 2019"]
[Site "Netanya"]
[Date "2019.06.27"]
[Round "5.17"]
[White "Zanan, Evgeny"]
[Black "Musyuk, Lior"]
[Result "1/2-1/2"]
[WhiteElo "2505"]
[BlackElo "2190"]
[Annotator "ChessBase"]
[PlyCount "83"]
[EventDate "2019.06.23"]
[EventType "swiss"]
[EventCountry "ISR"]
[SourceTitle "playchess.com"]
[Source "ChessBase"]
[SourceQuality "1"]
[TimeControl "40/5400+30:1800+30"]

1. d4 {[%emt 0:00:00]} Nf6 {[%emt 0:00:00]} 2. c4 {[%emt 0:00:00]} e6 {[%emt 0:00:05]} 3. Nc3 {[%emt 0:00:00]} d5 {[%emt 0:00:10]} 4. cxd5 {[%emt 0:00:00]} Nxd5 {[%emt 0:00:14]} 5. e4 {[%emt 0:00:01]} Nxc3 {[%emt 0:00:31]} 6. bxc3 {[%emt 0:00:05]} c5 {[%emt 0:00:12]} 7. Nf3 {[%emt 0:01:10]} cxd4 {[%emt 0:00:18]} 8. cxd4 {[%emt 0:00:04]} Bb4+ {[%emt 0:00:06]} 9. Bd2 {[%emt 0:00:03]} Bxd2+ {[%emt 0:00:32]} 10. Qxd2 {[%emt 0:00:08]} O-O {[%emt 0:01:11]} 11. Bc4 {[%emt 0:00:04]} Nc6 {[%emt 0:03:43]} 12. O-O {[%emt 0:00:31]} b6 {[%emt 0:01:28]} 13. Rad1 {[%emt 0:01:39]} Bb7 {[%emt 0:04:01]} 14. Rfe1 {[%emt 0:04:42]} Rc8 {[%emt 1:24:29]} 15. Bf1 {[%emt 1:29:03]} Qd6 {[%emt 0:00:30]} 16. e5 {[%emt 0:00:00]} Qe7 {[%emt 0:00:00]} 17. d5 {[%emt 0:00:00]} exd5 {[%emt 0:00:00]} 18. Bd3 {[%emt 0:00:00]} Qb4 {[%emt 0:00:00]} 19. Qg5 {[%emt 0:00:00]} h6 {[%emt 0:00:00]} 20. Qf5 {[%emt 0:00:00]} g6 {[%emt 0:00:00]} 21. Qd7 {[%emt 0:00:00]} Qe7 {[%emt 0:00:00]} 22. Qg4 {[%emt 0:00:00]} Kg7 {[%emt 0:00:00]} 23. h4 {[%emt 0:00:00]} h5 {[%emt 0:00:00]} 24. Qg3 {[%emt 0:00:00]} Qe6 {[%emt 0:00:00]} 25. Bb5 {[%emt 0:00:00]} Qg4 {[%emt 0:00:00]} 26. Qh2 {[%emt 0:00:00]} d4 {[%emt 0:00:00]} 27. Bxc6 {[%emt 0:00:00]} Bxc6 {[%emt 0:00:00]} 28. Rxd4 {[%emt 0:00:00]} Bxf3 {[%emt 0:00:00]} 29. Rxg4 {[%emt 0:00:00]} Bxg4 {[%emt 0:00:00]} 30. Qf4 {[%emt 0:00:00]} Be6 {[%emt 0:00:00]} 31. Rc1 {[%emt 0:00:00]} Rc5 {[%emt 0:00:00]} 32. a3 {[%emt 0:00:00]} Rfc8 {[%emt 0:00:00]} 33. Rd1 {[%emt 0:00:00]} Rc3 {[%emt 0:00:00]} 34. Qf6+ {[%emt 0:00:00]} Kh7 {[%emt 0:00:00]} 35. Kh2 {[%emt 0:00:17]} Rxa3 {[%emt 0:00:00]} 36. Qe7 {[%emt 0:02:55]} Rac3 {[%emt 0:00:00]} 37. Qxa7 {[%emt 0:00:53]} b5 {[%emt 0:00:00]} 38. Qb6 {[%emt 0:05:23]} R3c5 {[%emt 0:00:00]} 39. Rb1 {[%emt 0:01:50]} Rxe5 {[%emt 0:02:35]} 40. Rxb5 {[%emt 0:00:13]} Rxb5 {[%emt 0:00:40]} 41. Qxb5 {[%emt 0:30:02]} Rc4 {[%emt 0:31:11]} 42. Qg5 {[%emt 0:00:33]} 1/2-1/2